Славянские страны - Statistics

General Stats
  • This quiz has been taken 2 625 times
  • The average score is 12 of 13
Answers on the Map
Answers color-coded by a green-red scale on the quiz's map according to % correct below.
 
Answer Stats
Answer % Correct
Россия
99%
Украина
99%
Беларусь
96%
Словакия
94%
Польша
92%
Словения
92%
Сербия
90%
Чехия
89%
Хорватия
85%
Болгария
84%
Босния и Герцеговина
80%
Черногория
79%
Северная Македония
76%
No matching quizzes found
Score Distribution
Percent of People with Each Score
Percentile by Number Answered
Your Score History
You have not taken this quiz